000 00511nam a2200181Ia 4500
003 OSt
005 20230530102655.0
008 210423s2002 xx 000 0 und d
040 _cAL
041 _aeng
082 _a658.3 ANTH
_223
100 _aANTHONY (William P);others.
_9116435
245 _aHuman resource management: a strstigic approach.
260 _aNew Delhi
_bSouth- Western
_c2002
365 _b1761
_cINR
906 _aapproach. ; Human ; management: ; resource ; strstigic
942 _2ddc
_cBK
999 _c173590
_d173590